US States Quiz - Dark Mode - Statistics

General Stats
  • This quiz has been taken 448 times
  • The average score is 45 of 50
Answers on the Map
Answers color-coded by a green-red scale on the quiz's map according to % correct below.
 
Answer Stats
State % Correct
Florida
97%
Alaska
96%
California
96%
Texas
96%
Alabama
95%
Arizona
94%
Washington
94%
Hawaii
93%
New Mexico
93%
New York
93%
North Carolina
93%
North Dakota
93%
South Dakota
93%
Arkansas
92%
Colorado
92%
Ohio
92%
South Carolina
92%
Georgia
91%
Kentucky
91%
Michigan
91%
Nevada
91%
Oregon
91%
Utah
91%
Virginia
91%
Idaho
90%
Illinois
90%
Indiana
90%
Louisiana
90%
Maine
90%
Wyoming
90%
Kansas
89%
Montana
89%
New Jersey
89%
Oklahoma
89%
Tennessee
89%
West Virginia
89%
Wisconsin
89%
Maryland
88%
Mississippi
88%
Delaware
87%
Iowa
87%
Massachusetts
87%
Minnesota
87%
Missouri
87%
Nebraska
87%
New Hampshire
87%
Pennsylvania
87%
Rhode Island
87%
Connecticut
86%
Vermont
86%
No matching quizzes found
Score Distribution
Percent of People with Each Score
Percentile by Number Answered
Your Score History
You have not taken this quiz